| 000 | 00652nam a22002297a 4500 | ||
|---|---|---|---|
| 005 | 20170124110049.0 | ||
| 010 | _aB-081290 | ||
| 020 |
_c150.00 _a81752420000 |
||
| 035 | _aB-081290 | ||
| 037 | _bCen Lib/Ret | ||
| 040 |
_aDPL _bEN |
||
| 082 |
_a796.83 _bINC |
||
| 100 |
_aInch, Thomas _925002 |
||
| 245 |
_aPlay & learn boxing / _cby Thomas Inch |
||
| 260 |
_aNew Delhi _bKhel sahitya kendra _c2003 |
||
| 270 |
_bNew Delhi _a4264/3, Ansari road Daraganj _e110006 |
||
| 300 |
_a164p.: _c20cm(Hb) _bill. |
||
| 650 |
_aHealth science _916285 |
||
| 650 |
_aBoxing _925003 |
||
| 700 | _923015 | ||
| 942 |
_2ddc _cEN _h796.83 _mINC |
||
| 999 |
_c128978 _d128978 |
||